[Event "EU-ch Rapid"]
[Site "Katowice"]
[Date "2022.12.18"]
[Round "10"]
[White "Petrovskiy, Vadim"]
[Black "Seo, Jung Min"]
[Result "1/2-1/2"]
[WhiteElo "2402"]
[BlackElo "2502"]
[PlyCount "88"]
[EventDate "2022.12.17"]
[EventType "swiss (rapid)"]
[EventRounds "11"]
[EventCountry "POL"]
[SourceTitle "CBM 211 Extra"]
[Source "ChessBase"]
[SourceDate "2023.01.31"]
[SourceVersion "1"]
[SourceVersionDate "2023.01.31"]
[SourceQuality "1"]

1. e4 c5 2. Nf3 Nc6 3. Bb5 e5 4. Bxc6 dxc6 5. d3 Bd6 6. h3 Ne7 7. 0-0 0-0 8. Nc3 Ng6 9. Be3 Re8 10. a4 Nf8 11. Ne2 Ne6 12. Nd2 b6 13. b3 Qf6 14. Qc1 Bc7 15. Nc4 Nf4 16. Bxf4 exf4 17. f3 Be6 18. e5 Bxe5 19. Nxe5 Qxe5 20. Nxf4 Bf5 21. Rf2 Re7 22. Rb1 Rae8 23. Qd2 Qd4 24. Kf1 Re3 25. Ne2 Qd6 26. Rd1 h5 27. Ng1 Qd7 28. Re2 Rxe2 29. Nxe2 b5 30. Ng3 bxa4 31. Nxf5 Qxf5 32. bxa4 Rd8 33. Qa5 Rd7 34. Re1 Kh7 35. Re4 Qg5 36. Qc3 Rd5 37. Qe1 a6 38. Re8 Rd4 39. Re5 Qg6 40. Rxc5 Rxa4 41. Ra5 Rxa5 42. Qxa5 Qh6 43. Qf5+ Kg8 44. Qc8+ Kh7 1/2-1/2

[Event "EU-ch Rapid"]
[Site "Katowice"]
[Date "2022.12.17"]
[Round "4"]
[White "Petrovskiy, Vadim"]
[Black "Vogel, Roven"]
[Result "1/2-1/2"]
[WhiteElo "2402"]
[BlackElo "2463"]
[PlyCount "48"]
[EventDate "2022.12.17"]
[EventType "swiss (rapid)"]
[EventRounds "11"]
[EventCountry "POL"]
[SourceTitle "CBM 211 Extra"]
[Source "ChessBase"]
[SourceDate "2023.01.31"]
[SourceVersion "1"]
[SourceVersionDate "2023.01.31"]
[SourceQuality "1"]

1. e4 e5 2. Nc3 Nf6 3. Bc4 Bc5 4. d3 c6 5. Nf3 d6 6. Bg5 Bg4 7. h3 Bh5 8. g4 Bg6 9. Qe2 Nbd7 10. Nh4 Qc7 11. Nf5 Bxf5 12. gxf5 b5 13. Bb3 Bd4 14. Rg1 Nc5 15. Bh4 Qa5 16. 0-0-0 b4 17. Nb1 Nxb3+ 18. axb3 Qa2 19. Rxg7 Qxb2+ 20. Kd2 Nd7 21. Rxf7 Bc3+ 22. Nxc3 Qxc3+ 23. Ke3 Qd4+ 24. Kd2 Qc3+ 1/2-1/2

[Event "EU-ch Rapid"]
[Site "Katowice"]
[Date "2022.12.17"]
[Round "6"]
[White "Petrovskiy, Vadim"]
[Black "Wilk, Igor"]
[Result "1-0"]
[WhiteElo "2402"]
[BlackElo "2030"]
[PlyCount "87"]
[EventDate "2022.12.17"]
[EventType "swiss (rapid)"]
[EventRounds "11"]
[EventCountry "POL"]
[SourceTitle "CBM 211 Extra"]
[Source "ChessBase"]
[SourceDate "2023.01.31"]
[SourceVersion "1"]
[SourceVersionDate "2023.01.31"]
[SourceQuality "1"]

1. e4 e5 2. Nf3 Nc6 3. Bb5 a6 4. Ba4 Nf6 5. 0-0 b5 6. Bb3 Be7 7. Re1 d6 8. c3 0-0 9. h3 Nb8 10. d4 Nbd7 11. Nbd2 Bb7 12. Bc2 c5 13. Nf1 Re8 14. d5 Bf8 15. a4 g6 16. N1h2 c4 17. Bg5 Qc7 18. Qd2 Bg7 19. Nf1 Nc5 20. Ng3 Qd7 21. a5 Qc7 22. Nh2 Bc8 23. Rf1 Rf8 24. f4 exf4 25. Bxf4 Ne8 26. h4 Nd7 27. Nf3 Ne5 28. Nxe5 dxe5 29. Be3 Nd6 30. h5 f5 31. exf5 gxf5 32. h6 f4 33. Bb6 Qe7 34. hxg7 Qxg7 35. Bc5 Rd8 36. Nh5 Qg5 37. Nxf4 exf4 38. Qxf4 Qxf4 39. Rxf4 Nb7 40. Bd4 Rxd5 41. Raf1 Be6 42. R1f3 Rg5 43. Be4 Rb8 44. Bxb7 1-0